00469nam a2200169 a 450000100060000000300090000600800410001502000150005604000280007108200090009910000220010824500440013026000500017430000070022449000270023165000410025813708CO-ViMGA141112s2004 ck r 000 u spa d a9589037690 aCO-ViMGAbspacCO-ViMGA04aESPp1 aEspaña, Gonzalo10aPierre Bouguer : bel maestro del sabio aSantafé de Bogotá : bColciencias, c1998 a76 aJuvenil de Colciencias14aBOUGUER, PIERRA - LITERATURA JUVENIL